Bid for site solution met by resentment (Record no. 75488)

MARC details
000 -LEADER
fixed length control field 01532cab a2200193 4500
001 - CONTROL NUMBER
control field L130199
008 - FIXED-LENGTH DATA ELEMENTS--GENERAL INFORMATION
fixed length control field 050701n2005 000 0 eng u
035 ## - SYSTEM CONTROL NUMBER
System control number (Sirsi) u130199
041 ## - LANGUAGE CODE
Language code of text/sound track or separate title eng
100 ## - MAIN ENTRY--PERSONAL NAME
Personal name Blackman, David
245 ## - TITLE STATEMENT
Title Bid for site solution met by resentment
260 ## - PUBLICATION, DISTRIBUTION, ETC.
Date of publication, distribution, etc. 2005
490 ## - SERIES STATEMENT
Series statement Planning (for the Natural and Built Environment)
Volume/sequential designation (1674) 17 June 2005, 14-15(2)
520 ## - SUMMARY, ETC.
Summary, etc. Reports on recent controversial efforts to allocate sites for gypsies and travellers in local plans and development. The First SoS's direction of Brentwood DC to allocate sites was the first use of powers brought in by the Planning and Compulsory Purchase Act 2004, demonstrating government determination to ensure that local authorities do not shirk their travelling community obligations. Temporary stop notices allowing councils to halt further development were introduced to coincide with the Brentwood decision. Examines criticisms of the ODPM's circular updating government policy on planning gypsy and traveller sites. A shortfall of 4 500 sites is the root cause of increased friction between settled and travelling communities, forcing the latter to set up camps in unauthorised locations. The shortage of authorised sites is confirmed from the increasing number of gypsy and traveller cases invoking human rights law coming before the courts.
590 ## - LOCAL NOTE (RLIN)
Local note IKA040705
650 ## - SUBJECT ADDED ENTRY--TOPICAL TERM
Topical term or geographic name entry element PLANNING AND COMPULSORY PURCHASE ACT 2004
690 ## - LOCAL SUBJECT ADDED ENTRY--TOPICAL TERM (OCLC, RLIN)
Topical term or geographic name as entry element ENVIRONMENTAL AND LAND CONSULTANCY-PLANNING AND DEVELOPMENT
942 ## - ADDED ENTRY ELEMENTS (KOHA)
Suppress in OPAC 0
Holdings
Withdrawn status Lost status Source of classification or shelving scheme Damaged status Not for loan Home library Current library Shelving location Date acquired Total Checkouts Full call number Barcode Date last seen Copy number Price effective from Koha item type
    Dewey Decimal Classification     London London Journal article 01/07/2005   L130199 130199-1001 06/08/2019 1 06/08/2019 Journal article